000 01632nam a22003137a 4500
003 OSt
005 20230616073538.0
008 221006b |||||||| |||| 00| 0 eng d
040 _cBiblioteca Lado V
082 _a709.05
_bG851a
100 _9855
_aGriffin, Tim
_eeditor
245 _aArtforum/
_bInternacional/
260 _aNew York
_c2004
_bNew York editorial and business offices
300 _c26.5x27cm
_a260p.
366 _espa
490 _aNoviembre
_v2004
_x0864-1315
505 _tCOLUMNS
_aPassages On Site Tech Film Slant News Top Ten
505 _tFeatures
_aVision Quest: The Cinema of Harun Farocki Viewfinder: A Conversation with Harun Farocki The Tuymans Effect: Wilhelm Sasnal, Eberhard Havekost, Magnus von Plessen Isamu Noguchi: Two Views 1000 Words: Mark Dion Speaking Volumes: The Art of Susan Hiller Idyll Worship: Gregory J. Markopoulos's Eniaios Broken Screen: A Project for Artforum Good Humor Man: David Robbins's "Ice Cream Social" Concrete Comedy: A Primer Openings: Mindy Shapero
505 _tReviews
650 _2Tesauro de Arte & Arquitectura
_aARTE COMTEMPORANEO
_9703
650 _2Tesauro de Arte & Arquitectura
_aFOTOGRAFIA
_9702
650 _2Tesauro de Arte & Arquitectura
_aARTE VISUAL
_9702
650 _2Tesauro de Arte & Arquitectura
_aLIBROS
650 _2Tesauro de Arte & Arquitectura
_aNOTICIAS
650 _2 Tesauro de Arte & Arquitectura
_aARTE INTERNACIONAL
650 _2 Tesauro de Arte & Arquitectura
_aESCULTURA
700 _aNavarreta, Jose Antonio
_eeditor
942 _2ddc
_c1
_h709.05
_iG851a
_n0
999 _c3841
_d3841